000 00325nam a22001097a 4500
999 _c516788
_d516788
082 _aK95 C459
100 _aChowdhury, Biswaroop Roy
_923487
245 _aImpossible.. Possible
_cby Biswaroop Roy Chowdhury
260 _aDelhi
_bFusion Book
_c2003
300 _a183p.
650 _aSelf help - Motivational and inspirational
_923488